Statistics for Districts & Boroughs in Leicestershire, United Kingdom

Click here to take the quiz!

General Stats

  • This quiz has been taken 6 times
  • The average score is 4 of 8

Answer Stats

Answer% Correct
Leicester
80%
Charnwood
60%
Melton
60%
Oadby and Wigston
60%
Blaby
40%
Harborough
40%
Hinckley and Bosworth
40%
North West Leicestershire
40%

Score Distribution

Percentile by Number Answered

Percent of People with Each Score

Your Score History

You have not taken this quiz